[Event "ch-GER Junior U18 g 2012"]
[Site "Oberhof GER"]
[Date "2012.05.28"]
[Round "4.2"]
[White "Sancar,A"]
[Black "Evers,A"]
[Result "0-1"]
[WhiteElo "1818"]
[BlackElo "1763"]

1.e4 c5 2.Nf3 e6 3.Nc3 Nc6 4.d4 cxd4 5.Nxd4 Nf6 6.Ndb5 d6 7.Bf4 e5 8.Bg5 a6
9.Na3 b5 10.Nd5 Be7 11.Bxf6 Bxf6 12.c3 O-O 13.g3 Ne7 14.Nc2 Nxd5 15.Qxd5 Be6
16.Qd1 d5 17.Bg2 d4 18.cxd4 exd4 19.Qd2 Bc4 20.Nb4 Re8 21.Nd3 Bd5 22.f3 Bg5
23.Nf4 f5 24.O-O fxe4 25.Qxd4 Bxf4 26.gxf4 exf3 27.Bxf3 Bxf3 28.Qxd8 Raxd8
29.Rxf3 Rd2 30.Rf2 Ree2 31.Rxe2 Rxe2 32.Rc1 Rxb2 33.Rc8+ Kf7 34.Rc7+ Kf6
35.Rc6+ Kf5 36.Rxa6 Kxf4 37.Ra7 g5 38.Rxh7 Rxa2 39.Rf7+ Kg4 40.Rd7 Rb2 41.Rd4+ Kf3
42.Rd3+ Ke4 43.Rd8 b4 44.h3 b3 45.Rb8 Kf3 46.Rb5 Ke4 47.Rb8 Rb1+ 48.Kg2 Kd3
49.Rd8+ Kc2 50.Rc8+ Kb2 51.Rg8 Rc1 52.Rxg5 Rc3 53.h4 Kc2 54.h5 b2  0-1

[Event "Albena Masters Open 2012"]
[Site "Albena BUL"]
[Date "2012.05.29"]
[Round "4.19"]
[White "Klein,Bo"]
[Black "Baghdasaryan,V"]
[Result "0-1"]
[WhiteElo "2089"]
[BlackElo "2409"]

1.e4 c5 2.Nf3 e6 3.Nc3 Nc6 4.d4 cxd4 5.Nxd4 Qc7 6.Be2 Nf6 7.O-O a6 8.h3 Bb4
9.Nxc6 bxc6 10.Qd3 d5 11.exd5 cxd5 12.Bd2 O-O 13.Qd4 Bc5 14.Qh4 Be7 15.Qd4 e5
16.Qd3 e4 17.Qe3 Rd8 18.Qf4 Bd6 19.Qh4 Bb7 20.Bg5 Be7 21.Rac1 h6 22.Bf4 Qa5
23.Qg3 d4 24.Bc7 Qf5 25.Bg4 Qc5 26.Na4 Qc6 27.Bxd8 Rxd8 28.b3 Bd6 29.f4 g5
30.Nb2 Nd5 31.Nc4 Bxf4 32.Rxf4 Nxf4 33.Re1 Qc5 34.Kh2 h5 35.Bd1 h4 36.Qf2 e3
37.Qg1 Nxg2 38.Rf1 Qc7+ 39.Kh1 Ne1+ 40.Bf3 Nxf3 41.Qg2 Nd2 42.Nxd2 Bxg2+
43.Kxg2 Qg3+  0-1

[Event "1st Euro 2012 Open"]
[Site "Lviv UKR"]
[Date "2012.05.30"]
[Round "4"]
[White "Terletsky,O"]
[Black "Firman,N"]
[Result "1-0"]
[WhiteElo "2169"]
[BlackElo "2563"]

1.e4 c5 2.Nf3 e6 3.d4 cxd4 4.Nxd4 Nc6 5.Nc3 d6 6.Bc4 a6 7.Be3 Bd7 8.Qe2 Rc8
9.O-O-O Na5 10.Bb3 b5 11.Kb1 Nf6 12.f4 Nxb3 13.axb3 b4 14.Na4 Nxe4 15.Nxe6 Bxe6
16.Bb6 Qd7 17.Qxe4 Be7 18.Qxb4 Bf5 19.Nc3 O-O 20.Rd2 Rb8 21.Qa5 Rfc8 22.Re1 Bf8
23.Ka2 Rc6 24.Bd4 Bg6 25.h3 f6 26.g4 Bf7 27.g5 f5 28.Red1 Be7 29.Qa4 Qb7
30.Bf2 Rc4 31.Qa3 d5 32.Qa5 Rxf4 33.Bg3 Bb4 34.Qa4 Be8 35.Qxe8+ Rxe8 36.Bxf4 Qc6
37.Rd3 d4 38.Rxd4 Bxc3 39.bxc3 Qxc3 40.Rc4 Qa5+ 41.Kb2 Re7 42.Bd2 Qb6 43.Bc3 Kf7
44.Rcd4 Qc5 45.Rd5 Qf2 46.R1d2 Qf4 47.h4 Kg6 48.R2d4 Qe3 49.h5+ Kxh5 50.Rxf5 Rc7
51.Rd3 Qe4 52.Rfd5 Rxc3 53.Kxc3 Kg6  1-0

[Event "Albena Masters Open 2012"]
[Site "Albena BUL"]
[Date "2012.05.31"]
[Round "6.20"]
[White "Papp,Petra"]
[Black "Tunik,G"]
[Result "1/2-1/2"]
[WhiteElo "2292"]
[BlackElo "2429"]

1.e4 c5 2.Nf3 e6 3.d4 cxd4 4.Nxd4 Nc6 5.Nc3 a6 6.Nxc6 bxc6 7.Bd3 d5 8.O-O Nf6
9.Qf3 Be7 10.e5 Nd7 11.Qg3 Kf8 12.Na4 h5 13.b3 h4 14.Qf4 Kg8 15.Re1 Qc7 16.Qe3 c5
17.c4 d4 18.Qe2 Bb7 19.Be4 Rb8 20.Bxb7 Qxb7 21.f4 g6 22.Nb2 Kg7 23.Bd2 Qa8
24.Rf1 Rh5 25.Rf3 Rbh8 26.Raf1 a5 27.Nd3 a4 28.Nf2 axb3 29.axb3 Qc6 30.Ne4  1/2-1/2

[Event "Women's World Rapid Championship 2012"]
[Site "Batumi GEO"]
[Date "2012.05.31"]
[Round "2.24"]
[White "Melia,S"]
[Black "Janjghava,N"]
[Result "1-0"]
[WhiteElo "2410"]
[BlackElo "2306"]

1.e4 c5 2.Nf3 e6 3.d4 cxd4 4.Nxd4 Nc6 5.Nc3 Qc7 6.Be3 a6 7.Qd2 Nf6 8.O-O-O Bb4
9.f3 O-O 10.Nb3 Be7 11.g4 d6 12.g5 Nd7 13.h4 b5 14.h5 b4 15.Ne2 Nce5 16.Ned4 Nb6
17.Qxb4 Nbc4 18.Qc3 d5 19.exd5 exd5 20.h6 Bb4 21.Qxb4 Nxe3 22.hxg7 Kxg7 23.Bd3 Rh8
24.Rd2 Rb8 25.Qa5 Nxd3+ 26.Rxd3 Qf4 27.Kb1 Nf5 28.Nxf5+ Bxf5 29.Qc3+ Kg8
30.Rxd5 Rc8 31.Rc5 Rxc5 32.Nxc5 Qxg5 33.Re1 f6 34.Qd4 Kf7 35.Rg1 Re8 36.Ne4  1-0

[Event "TCh-FRA Top 12 2012"]
[Site "Belfort FRA"]
[Date "2012.05.31"]
[Round "1.2"]
[White "Kulaots,K"]
[Black "Jakubowski,K"]
[Result "1/2-1/2"]
[WhiteElo "2574"]
[BlackElo "2525"]

1.e4 c5 2.Nf3 e6 3.d4 cxd4 4.Nxd4 Nc6 5.Nc3 Qc7 6.f4 a6 7.Nxc6 bxc6 8.e5 Bb7
9.Bd3 f5 10.Be3 Nh6 11.Qe2 Bb4 12.a3 Bxc3+ 13.bxc3 c5 14.h3 O-O 15.O-O Nf7
16.c4 d6 17.exd6 Nxd6 18.Bd2 Rf6 19.Rf2 Rg6 20.Bc3 Ne4 21.Bxe4 Bxe4 22.Kh2 Qe7
23.Rd1 Rd8 24.Rxd8+ Qxd8 25.Qd2 Qa8 26.Ba5 Rf6 27.Bc3 Rg6 28.Ba5 Rf6 29.Bc3  1/2-1/2

[Event "TCh-FRA Top 12 2012"]
[Site "Belfort FRA"]
[Date "2012.05.31"]
[Round "1.4"]
[White "Tirard,H"]
[Black "Terrieux,K"]
[Result "0-1"]
[WhiteElo "2478"]
[BlackElo "2372"]

1.e4 c5 2.Nf3 e6 3.d4 cxd4 4.Nxd4 Nc6 5.Nc3 Nf6 6.Ndb5 Bc5 7.Nd6+ Ke7 8.Nxc8+ Rxc8
9.Bd3 d5 10.exd5 Nxd5 11.Ne4 Ne5 12.O-O Nb4 13.Qd2 Nexd3 14.cxd3 Qd5 15.Nxc5 Qxc5
16.d4 Qb6 17.Qg5+ Kf8 18.Bd2 Nd5 19.Rac1 Rxc1 20.Rxc1 f6 21.Qh5 g6 22.Qh3 Kf7
23.Re1 h5 24.Bc3 Rc8 25.Qf3 Qc6 26.Qe2 Nf4 27.Qf1 Qa4 28.g3 Nd5 29.Qh3 Qc6
30.a3 f5 31.Qh4 Nxc3 32.bxc3 Qxc3 33.Re3 Qc1+ 34.Kg2 Qc6+ 35.Kh3 Qd6 36.Rd3 Rc4
37.Qg5 Qe7 38.Qh6 Qf8 39.Qe3 Qd8 40.Qh6 Rc7 41.d5 exd5 42.Rxd5 Qxd5 43.Qh7+ Kf6
44.Qxc7 g5 45.Qh7 g4+ 46.Kh4 Qd8 47.Kxh5 Qe8+ 48.Kh4 Qg6 49.Qh8+ Kf7 50.h3 b5
51.f3 gxf3 52.g4 f2  0-1

[Event "TCh-FRA Top 12 2012"]
[Site "Belfort FRA"]
[Date "2012.05.31"]
[Round "1.3"]
[White "Edouard,R"]
[Black "Sokolov,And1"]
[Result "1-0"]
[WhiteElo "2625"]
[BlackElo "2570"]

1.e4 c5 2.Nf3 e6 3.d4 cxd4 4.Nxd4 Nc6 5.Nc3 a6 6.Nxc6 bxc6 7.Bd3 d5 8.O-O Nf6
9.Qf3 Be7 10.e5 Nd7 11.Qg3 g6 12.Bh6 Bf8 13.Bxf8 Kxf8 14.Na4 Kg7 15.b3 Nb6
16.Nc5 Nd7 17.Na4 Nb6 18.Nxb6 Qxb6 19.Rae1 a5 20.h4 h5 21.Re3 Ba6 22.c4 Ra7
23.Rf3 Rd7 24.Rf6 Rh6 25.Rc1 a4 26.Rf3 axb3 27.axb3 dxc4 28.bxc4 c5 29.Qf4 Qd8
30.Qf6+ Kg8 31.Rb1 Qxf6 32.exf6 Bb7 33.Re3 Rh8 34.Re5  1-0

[Event "ch-GER Junior U18 2012"]
[Site "Oberhof GER"]
[Date "2012.05.31"]
[Round "7.11"]
[White "Mertens,Fri"]
[Black "Weber,Max2"]
[Result "1/2-1/2"]
[WhiteElo "2038"]
[BlackElo "2062"]

1.e4 c5 2.Nf3 e6 3.d4 cxd4 4.Nxd4 Nc6 5.Nc3 Qc7 6.Be3 a6 7.Bd3 Nf6 8.O-O Nxd4
9.Bxd4 Bc5 10.Bxc5 Qxc5 11.Qe2 d6 12.Kh1 e5 13.Bc4 Be6 14.Bb3 O-O 15.Rad1 Rfd8
16.Nd5 Bxd5 17.Bxd5 Qc7 18.Rd3 Rac8 19.c3 Nxd5 20.Rxd5 Qc4 21.Qxc4 Rxc4  1/2-1/2

[Event "Mitropa Cup w 2012"]
[Site "Sibenik CRO"]
[Date "2012.05.31"]
[Round "1"]
[White "Novkovic,J"]
[Black "Bochis,J"]
[Result "0-1"]
[WhiteElo "2063"]
[BlackElo "2145"]

1.e4 c5 2.Nf3 e6 3.d4 cxd4 4.Nxd4 Nc6 5.Nc3 Qc7 6.f4 a6 7.Nxc6 Qxc6 8.Bd3 Bc5
9.Qg4 Ne7 10.e5 d5 11.exd6 Bxd6 12.Ne4 Ng6 13.Nxd6+ Qxd6 14.O-O Qd4+ 15.Kh1 O-O
16.Qh5 Bd7 17.Bd2 Qxb2 18.Rae1 Bb5 19.Rb1 Qd4 20.Rxb5 axb5 21.Qxb5 b6 22.Bb4 Rfd8
23.a3 Rac8 24.Qh5 Rd5 25.Qh3 Rcd8 26.g4 R5d7 27.Qf3 Nh4 28.Qh3 Qd5+ 29.Kg1 Qd4+
30.Kh1 Ng6 31.Qf3 Rc7 32.Be1 Qd5 33.Be4 Qc4 34.h4 Rd4 35.Bd3 Qc6 36.Qxc6 Rxc6
37.Bg3 Ne7 38.Kg2 Nd5 39.Kf3 f6 40.Rb1 Rc3 41.Ra1 Ra4 42.Be1 Rcxa3 43.Rxa3 Rxa3
44.f5 Kf7 45.fxe6+ Kxe6 46.Ke4 Ra4+ 47.Kf3 g6 48.h5 f5 49.hxg6 Rf4+ 50.Ke2 hxg6
51.gxf5+ gxf5 52.c4 Nf6 53.Bf2 Nd7 54.Ke3 Nc5 55.Be2 Re4+ 56.Kf3 Ke5 57.Bf1 Rf4+
58.Ke3 Ne4 59.c5 bxc5  0-1

[Event "Women's World Rapid Championship 2012"]
[Site "Batumi GEO"]
[Date "2012.06.01"]
[Round "5.7"]
[White "Kosteniuk,A"]
[Black "Dzagnidze,N"]
[Result "1-0"]
[WhiteElo "2457"]
[BlackElo "2547"]

1.e4 c5 2.Nf3 e6 3.d4 cxd4 4.Nxd4 Nc6 5.Nc3 Qc7 6.Be2 a6 7.O-O Nf6 8.Be3 Bb4
9.Na4 Be7 10.Nxc6 bxc6 11.Bb6 Qb8 12.Bf3 d5 13.exd5 cxd5 14.c4 O-O 15.Be3 a5
16.cxd5 exd5 17.Nb6 Ra6 18.Nxc8 Rxc8 19.Bd4 Bd6 20.g3 Be5 21.Re1 Re6 22.Bxe5 Rxe5
23.Qd4 Re6 24.Rac1 h6 25.Red1 Ree8 26.Qd2 a4 27.Qd4 Qb5 28.Rc3 Rxc3 29.Qxc3 Rb8
30.Qd4 Qxb2 31.Qxa4 Rd8 32.Qb3 Qxb3 33.axb3 Rb8 34.Rd3 Rb4 35.Kf1 d4 36.Ke2 Nd7
37.Bd5 Ne5 38.Rd1 d3+ 39.Kd2 Rb5 40.Bc4 Nxc4+ 41.bxc4 Rb2+ 42.Kxd3 Rxf2 43.c5 Kf8
44.Re1 Ra2 45.c6 Ra6 46.Rc1 Ra8 47.Kd4 Ke7 48.Kc5 Kd8 49.Rd1+ Kc8 50.Rd7 Ra5+
51.Kb6 Ra2 52.Rxf7 Rb2+ 53.Kc5 Rxh2 54.Rxg7 h5 55.Kd6 Rd2+ 56.Ke5 Rc2 57.c7 Rc4
58.Kf5 h4 59.g4 Rxc7 60.Rg8+ Kd7 61.Rh8 Rc5+ 62.Kf6 Rc6+ 63.Kf7 Rc3 64.g5 Rf3+
65.Kg7 h3 66.g6 Ke7 67.Rh4 Rg3 68.Re4+ Kd6 69.Kh7 h2 70.Rh4 Rg2 71.g7 Kd5  1-0

[Event "TCh-FRA Top 12 2012"]
[Site "Belfort FRA"]
[Date "2012.06.01"]
[Round "2.7"]
[White "Bellahcene,B"]
[Black "De Sousa,Jos"]
[Result "1/2-1/2"]
[WhiteElo "2347"]
[BlackElo "2262"]

1.e4 c5 2.Nf3 Nc6 3.Nc3 e6 4.d4 cxd4 5.Nxd4 Qc7 6.Be3 a6 7.Be2 Nf6 8.a3 Be7
9.f4 d6 10.g4 O-O 11.g5 Nd7 12.h4 b5 13.h5 Nxd4 14.Qxd4 Bb7 15.O-O-O e5 16.Qd2 exf4
17.Bxf4 Ne5 18.Kb1 Rac8 19.g6 fxg6 20.Bxe5 dxe5 21.hxg6 Rcd8 22.Nd5 Bxd5
23.gxh7+ Kh8 24.exd5 e4 25.Bg4 Qe5 26.Qd4 Qf4 27.Be6 Bf6 28.Qc5 Rfe8 29.c3 e3
30.Rde1 Bg5 31.Rhf1 Qe5 32.Rf5 Qe4+ 33.Ka1 Bh6 34.Rff1 Bg5 35.Re2 Qd3 36.Rfe1 Rf8
37.Qd4 Qxd4 38.cxd4 Rf3 39.Bg8 Re8 40.Be6 Rd8  1/2-1/2

[Event "Victory Day 2012"]
[Site "Moscow RUS"]
[Date "2012.06.01"]
[Round "1.4"]
[White "Stukopin,A"]
[Black "Reshetnikov,Al"]
[Result "1/2-1/2"]
[WhiteElo "2502"]
[BlackElo "2521"]

1.e4 c5 2.Nf3 Nc6 3.Nc3 e6 4.d4 cxd4 5.Nxd4 Qc7 6.Be2 a6 7.O-O Nf6 8.Be3 Bb4
9.Na4 O-O 10.Nxc6 bxc6 11.Nb6 Rb8 12.Nxc8 Qxc8 13.Bf4 Rb6 14.Be3 Rb8 15.Bf4 Rb6
16.Be3  1/2-1/2

[Event "Asian Junior Open 2012"]
[Site "Tashkent UZB"]
[Date "2012.06.01"]
[Round "3.13"]
[White "Khudoykulov,Nuriddin"]
[Black "Saiyn,Z"]
[Result "0-1"]
[WhiteElo "2023"]
[BlackElo "2180"]

1.e4 c5 2.Nf3 e6 3.d4 cxd4 4.Nxd4 Nc6 5.Nc3 Qc7 6.Be3 Nf6 7.Bd3 a6 8.O-O Bd6
9.h3 b5 10.a3 Bb7 11.Qe2 h5 12.Nb3 Ng4 13.Bd2 Bh2+ 14.Kh1 Nce5 15.f4 Ng6
16.e5 Nh4 17.Be4 Bxe4 18.Qxe4 Qa7 19.Nd4 Rc8 20.Nce2 g5 21.c3 Ng6 22.hxg4 hxg4
23.g3 gxf4 24.Bxf4 Bxg3+ 25.Kg2 Bh4 26.Rh1 Rc5 27.Raf1 Rh5 28.Bg3 Rcxe5 29.Bxe5 Rxe5
30.Qd3 Qb7+ 31.Kg1 Bg5 32.Nf3 Be3+ 33.Kg2 gxf3+ 34.Kg3 Rg5+ 35.Kh3 fxe2  0-1

[Event "Alushta Summer 1 2012"]
[Site "Alushta UKR"]
[Date "2012.06.02"]
[Round "1"]
[White "Meribanov,V"]
[Black "Belikov,V"]
[Result "1/2-1/2"]
[WhiteElo "2331"]
[BlackElo "2476"]

1.e4 c5 2.Nf3 e6 3.Nc3 Nc6 4.d4 cxd4 5.Nxd4 Nf6 6.Ndb5 Bb4 7.a3 Bxc3+ 8.Nxc3 d5
9.exd5 Nxd5 10.Nxd5 exd5 11.Be2 O-O 12.O-O Bf5 13.Bd3 Be4 14.Re1 Re8 15.Be3 Qf6
16.f3 Bxd3 17.Qxd3 Qxb2 18.Rab1 Qa2 19.Rxb7 d4 20.Bf2 Rxe1+ 21.Bxe1 Re8 22.Bd2 Qe6  1/2-1/2

[Event "Women's World Rapid Championship 2012"]
[Site "Batumi GEO"]
[Date "2012.06.02"]
[Round "7.16"]
[White "Khukhashvili,S"]
[Black "Kosintseva,T"]
[Result "0-1"]
[WhiteElo "2414"]
[BlackElo "2532"]

1.e4 c5 2.Nf3 e6 3.d4 cxd4 4.Nxd4 Nc6 5.Nc3 d6 6.Be3 Nf6 7.Bd3 Be7 8.O-O O-O
9.Nb3 a6 10.a4 b6 11.f4 Bb7 12.Qf3 Nb4 13.h3 Rc8 14.Rad1 Nd7 15.Qf2 Nc5 16.Nxc5 bxc5
17.Bc4 Qc7 18.f5 exf5 19.exf5 Bf6 20.Nd5 Bxd5 21.Bxd5 Nxd5 22.Rxd5 Bxb2 23.Qg3 Be5
24.Rxe5 dxe5 25.f6 g6 26.Rf5 Rfd8 27.Qg5 Qd6 28.Rxe5 Re8 29.Rd5 Qe6 30.Bxc5 Rcd8
31.Rxd8 Rxd8 32.Be7 Rd1+ 33.Kh2 Rd5 34.Qh6 Qe5+ 35.Kg1 Qe1+ 36.Kh2 Qe5+ 37.Kg1 Rd1+
38.Kf2 Qf5+ 39.Kg3 Qe5+ 40.Kf2 Qe1+ 41.Kf3 Qc3+ 42.Kf2 Qd2+ 43.Qxd2 Rxd2+
44.Kf3 Rxc2 45.a5 h5 46.g4 Rc3+ 47.Kg2 hxg4 48.hxg4 g5 49.Kf2 Kh7 50.Bb4 Rc4
51.Bd2 Rxg4 52.Kf3 Ra4  0-1

[Event "Women's World Rapid Championship 2012"]
[Site "Batumi GEO"]
[Date "2012.06.02"]
[Round "7.13"]
[White "Arakhamia-Grant,K"]
[Black "Javakhishvili,L"]
[Result "1/2-1/2"]
[WhiteElo "2426"]
[BlackElo "2449"]

1.e4 c5 2.Nf3 e6 3.d4 cxd4 4.Nxd4 Nc6 5.Nc3 Qc7 6.Be2 Nf6 7.O-O a6 8.Be3 Be7
9.f4 d6 10.a4 O-O 11.Kh1 Re8 12.Bf3 Na5 13.Qd3 Bf8 14.Rad1 Nc4 15.Bc1 e5
16.Nde2 exf4 17.Nxf4 Ne5 18.Qe2 Be6 19.Nxe6 fxe6 20.Bf4 Rac8 21.Bxe5 dxe5
22.Rd3 Qb6 23.b3 Red8 24.Nd1 Rxd3 25.Qxd3 Rd8 26.Qc4 Rd4 27.Qc8 Rd8 28.Qc4 Rd4
29.Qc8 Rd8 30.Qc4 Rd4 31.Qc8  1/2-1/2

[Event "Mitropa Cup w 2012"]
[Site "Sibenik CRO"]
[Date "2012.06.02"]
[Round "3"]
[White "Motycakova,M"]
[Black "Bochis,J"]
[Result "0-1"]
[WhiteElo "2121"]
[BlackElo "2145"]

1.e4 c5 2.Nf3 e6 3.d4 cxd4 4.Nxd4 Nc6 5.Nc3 Qc7 6.Be2 Nf6 7.O-O a6 8.Be3 Bb4
9.Na4 Be7 10.Nxc6 bxc6 11.Nb6 Rb8 12.Nxc8 Qxc8 13.Bd4 O-O 14.e5 Nd5 15.c4 Nf4
16.Bf3 Qc7 17.Be4 f6 18.Re1 fxe5 19.Bxe5 d6 20.Bc3 Bf6 21.Qc2 g6 22.Rad1 Bxc3
23.Qxc3 e5 24.Rd2 Ne6 25.Re3 Rf4 26.g3 Rf6 27.h4 Rbf8 28.b4 Nd4 29.Qb2 Qf7
30.Rc3 Kg7 31.a4 Qd7 32.Qb1 Qg4 33.Qd3 R8f7 34.Kg2 h6 35.Rc1 Qd7 36.Rb1 d5
37.cxd5 cxd5 38.Bxg6 Rxg6 39.b5 axb5 40.axb5 Rb6 41.f4 Qg4 42.Qe3 Re6 43.b6 Nf5
44.Qb3 exf4 45.b7 f3+ 46.Kg1 Qxg3+ 47.Kf1 Qh3+  0-1

[Event "Asian Junior Open 2012"]
[Site "Tashkent UZB"]
[Date "2012.06.02"]
[Round "4.5"]
[White "Alikulov,Elbek"]
[Black "Ismailov,M"]
[Result "0-1"]
[WhiteElo "2249"]
[BlackElo "2221"]

1.e4 c5 2.Nf3 e6 3.d4 cxd4 4.Nxd4 Nc6 5.Nc3 Qc7 6.Be3 Nf6 7.Qd2 Bb4 8.f3 d5
9.O-O-O O-O 10.a3 Ba5 11.b4 Bb6 12.Ndb5 Qe7 13.Bxb6 axb6 14.exd5 exd5 15.Bd3 d4
16.Ne4 Nd5 17.Kb2 Rd8 18.Rhe1 Ne3 19.Rb1 Be6 20.Qe2 Ne5 21.Nd2 Qd7 22.f4 Nxd3+
23.Qxd3 Bf5 24.Qe2 Nxc2 25.Nf3 Nxe1 26.Rxe1 d3 27.Qe7 Qxb5 28.Ng5 Bg6  0-1

[Event "Women's World Rapid Championship 2012"]
[Site "Batumi GEO"]
[Date "2012.06.03"]
[Round "11.14"]
[White "Wang Jue"]
[Black "Gvetadze,Sopi"]
[Result "1-0"]
[WhiteElo "2364"]
[BlackElo "2338"]

1.e4 c5 2.Nf3 e6 3.d4 cxd4 4.Nxd4 Nc6 5.Nc3 d6 6.Be3 Nf6 7.Bc4 Be7 8.Bb3 a6
9.f4 O-O 10.Qf3 Qc7 11.O-O-O Na5 12.f5 b5 13.g4 b4 14.Nce2 Bb7 15.Ng3 e5
16.g5 exd4 17.Bxd4 Nxe4 18.Nxe4 Nxb3+ 19.axb3 Rfc8 20.c3 Bxg5+ 21.Kb1 Re8
22.Rhe1 Qe7 23.Nxg5 Qxg5 24.Qxb7 Qxf5+ 25.Kc1 Qf4+ 26.Kc2 Qf5+ 27.Rd3 bxc3
28.bxc3 a5 29.Qg2 g6 30.Rf1 Qb5 31.Qf3 f5 32.c4 Qb4 33.Qd5+ Kf8 34.Bc3 Qa3
35.Rxf5+ gxf5 36.Qxf5+ Ke7 37.Bf6+ Kf7 38.Bd8+ Kg8 39.Rg3+  1-0

[Event "Women's World Rapid Championship 2012"]
[Site "Batumi GEO"]
[Date "2012.06.03"]
[Round "11.8"]
[White "Melia,S"]
[Black "Kosintseva,T"]
[Result "0-1"]
[WhiteElo "2410"]
[BlackElo "2532"]

1.e4 c5 2.Nf3 e6 3.d4 cxd4 4.Nxd4 Nc6 5.Nc3 d6 6.Be3 Nf6 7.f3 Be7 8.Qd2 O-O
9.g4 a6 10.O-O-O Nxd4 11.Bxd4 b5 12.g5 Nd7 13.h4 Qa5 14.Kb1 b4 15.Ne2 e5
16.Bf2 Nc5 17.a3 Be6 18.Nc1 Rfb8 19.Be1 Qb6 20.axb4 a5 21.b5 a4 22.Bf2 Qc7
23.Qc3 a3 24.bxa3 Bd7 25.Bxc5 Bxb5 26.Bxb5 Rxb5+ 27.Nb3 dxc5 28.Qc4 Rbb8
29.g6 hxg6 30.h5 gxh5 31.Rxh5 Bf6 32.Rf5 Qc6 33.Kc1 g6 34.Rg1 Kf8 35.Rxf6 Qxf6
36.Nxc5 Qf4+ 37.Kd1 Rb1+ 38.Ke2 Rxg1  0-1

[Event "TCh-FRA Top 12 2012"]
[Site "Belfort FRA"]
[Date "2012.06.03"]
[Round "4.4"]
[White "Edouard,R"]
[Black "Kulaots,K"]
[Result "0-1"]
[WhiteElo "2625"]
[BlackElo "2574"]

1.e4 c5 2.Nf3 e6 3.d4 cxd4 4.Nxd4 Nc6 5.Nc3 Qc7 6.Be3 a6 7.Qd2 Nf6 8.O-O-O Nxd4
9.Qxd4 Ng4 10.Qb6 Qc6 11.Bd4 e5 12.Be3 Be7 13.Nd5 Bd8 14.Qb3 d6 15.Be2 Nxe3
16.Qxe3 Be6 17.h3 Rc8 18.c3 Qc5 19.Qd2 O-O 20.Bg4 Qc4 21.Qd3 Qxa2 22.Kc2 Rc5
23.Ra1 Qc4 24.Qxc4 Rxc4 25.Kd3 Bxd5 26.exd5 Rc5 27.Kc2 a5 28.Rad1 g6 29.Be2 b5
30.h4 b4 31.h5 Bf6 32.hxg6 hxg6 33.Ba6 Rb8 34.Rh3 a4 35.Rg3 a3 36.bxa3 bxa3
37.Rb1 Ra8 38.Bb7 Ra7 39.Bc6 Kg7 40.Ra1 a2 41.Kb2 e4 42.Re3 Ra6 43.Kb3 Rb6+
44.Kc2 Bd4 45.Rxa2 Bxe3 46.fxe3 Kf6 47.Ra4 Kf5 48.Ra7 f6 49.Re7 Rc4 50.Be8 Rb8
51.Bc6 Rc5 52.g4+ Kxg4 53.Rxe4+ Kf5 54.Ra4 g5 55.Ra7 Kg6 56.e4 g4 57.Bd7 Kg5
58.Ra1 Rb7 59.Bc6 Rh7  0-1

[Event "TCh-FRA Top 12 2012"]
[Site "Belfort FRA"]
[Date "2012.06.03"]
[Round "4.2"]
[White "Salgado Lopez,I"]
[Black "Bellaiche,A"]
[Result "1-0"]
[WhiteElo "2623"]
[BlackElo "2496"]

1.e4 c5 2.Nf3 e6 3.d4 cxd4 4.Nxd4 Nc6 5.Nc3 Qc7 6.f4 a6 7.Nxc6 Qxc6 8.Bd3 b5
9.Qe2 Bb7 10.Bd2 Be7 11.a3 Rb8 12.O-O h5 13.Rf3 Nf6 14.Re1 Ng4 15.Kh1 Bc5
16.Ref1 Bd4 17.Rh3 g6 18.e5 Bxc3 19.Bxc3 Rc8 20.Bb4 Rg8 21.Rg3 Nh6 22.h3 h4
23.Rg5 Nf5 24.Bxf5 exf5 25.Rf2 Qe4 26.Qd2 Rc4 27.Qd6 Rxb4 28.Qxb4 Qxb4 29.axb4 Ke7
30.Kh2 Rc8 31.g3 hxg3+ 32.Rxg3 Rc4 33.c3 Re4 34.Rd3 Re1 35.Kg3 Bc6 36.Rh2 Be4
37.Kf2 Ra1 38.Rd2 a5 39.bxa5 Rxa5 40.h4 Ra8 41.h5 gxh5 42.Rxh5 b4 43.c4 Rc8
44.b3 Rg8 45.Rh3 Rg4 46.Ke3 Bc6 47.Rf2 Bg2 48.Rh2 Rg3+ 49.Kd4 Bf3 50.Kc5 Bd1
51.Rd2 Bxb3 52.Kxb4  1-0

[Event "1st CT Casino Marina del Sol"]
[Site "Talcahuano CHI"]
[Date "2012.06.03"]
[Round "4.2"]
[White "Farfan Ortiz,E"]
[Black "Riffo Paz,E"]
[Result "1/2-1/2"]
[WhiteElo "2236"]
[BlackElo "2238"]

1.e4 c5 2.Nf3 Nc6 3.d4 cxd4 4.Nxd4 e6 5.Nc3 Bb4 6.Nxc6 dxc6 7.Bd3 e5 8.Qh5 Qe7
9.O-O Nf6 10.Qh4 O-O 11.Kh1 h6 12.f4 exf4 13.Qxf4 Ng4 14.Qg3 g5 15.Qf3 Bd6
16.g3 Kg7 17.Be3 Nxe3 18.Qxe3 f5 19.Ne2 Bd7 20.Rad1 Bc5 21.Qf3 fxe4 22.Qxe4 Qxe4+
23.Bxe4 Rxf1+ 24.Rxf1 Re8 25.Bd3 Bh3 26.Rb1 Bg4 27.Ng1 Re3 28.Kg2 Be6 29.a3 h5
30.Rd1 b5 31.Be2 g4 32.Bd3 Bd5+ 33.Kf1 a6 34.Rd2 Re8 35.Ne2  1/2-1/2

[Event "XXVII Felix Cup 2012"]
[Site "Baile Felix ROU"]
[Date "2012.06.05"]
[Round "7.8"]
[White "Samu,S"]
[Black "Breitkopf,F"]
[Result "1-0"]
[WhiteElo "2178"]
[BlackElo "1986"]

1.e4 c5 2.Nc3 e6 3.Nf3 Nc6 4.d4 cxd4 5.Nxd4 Nf6 6.a3 a6 7.Be2 Be7 8.Be3 d5
9.exd5 exd5 10.O-O O-O 11.Bf3 Re8 12.Qd3 Ne5 13.Qd1 h6 14.h3 Bf8 15.Re1 Nc4
16.Bc1 Ne5 17.Bf4 Ng6 18.Rxe8 Qxe8 19.Bg3 Be6 20.Qd3 Qd7 21.Nxe6 Qxe6 22.Nxd5 Nxd5
23.Qxd5 Rc8 24.Qxe6 fxe6 25.Bxb7 Rc5 26.Bxa6 Ne7 27.c4 Rg5 28.b4 Nf5 29.Bf4 Rg6
30.c5 Nd4 31.Bd3 Nf3+ 32.Kf1 Rf6 33.Be3 Ne5 34.Be2 Rf7 35.a4 g5 36.b5 Bg7
37.Ra2 Rd7 38.c6 Rc7 39.a5  1-0

[Event "TCh-FRA Top 12 2012"]
[Site "Belfort FRA"]
[Date "2012.06.05"]
[Round "6.2"]
[White "Apicella,M"]
[Black "Brochet,P"]
[Result "1/2-1/2"]
[WhiteElo "2548"]
[BlackElo "2383"]

1.e4 c5 2.Nf3 e6 3.d4 cxd4 4.Nxd4 Nc6 5.Nc3 Bc5 6.Nb3 Bb4 7.Bd3 Nf6 8.O-O a6
9.Qe2 Ne5 10.f4 Nxd3 11.cxd3 d5 12.e5 Ng8 13.Qg4 g6 14.Bd2 Ne7 15.Kh1 Nf5
16.Qf3 Be7 17.Ne2 Bd7 18.Nbd4 Nxd4 19.Nxd4 Rc8 20.Be3 h5 21.Qf2 Kf8 22.a4 Kg7
23.Nb3 Bc6 24.Bb6 Qe8 25.Qd4 h4 26.Nd2 Bd7 27.Nf3 Rc2 28.b3 Qc8 29.h3 Qc3
30.Rab1 Qxd4 31.Nxd4 Rc3 32.Rfd1 Bb4 33.Kg1 Be7 34.Rbc1 Rhc8 35.Rxc3 Rxc3
36.Kf2 f6 37.Ke2 g5 38.Ba5 Rc8 39.Bd2 gxf4 40.Bxf4 f5 41.Rc1 Rxc1 42.Bxc1 Kg6
43.Be3 Bd8 44.Bf2 Kh5 45.Kf3 Ba5 46.Ne2 Bc7 47.Nf4+ Kh6 48.d4 Bd8 49.Be1 Bg5
50.Nd3 b6 51.a5 bxa5 52.Nc5 Bc8 53.Bxa5 Kg6 54.Be1 Be7 55.b4 Kh5 56.Ke2 Bxc5
57.bxc5 Bd7 58.Kd1 Kg5 59.Kc2 Kf4 60.Bxh4 a5 61.Kc3 Ke3 62.Bg5+ Kf2 63.g4 fxg4
64.hxg4 Kf3 65.Bd8 a4 66.g5 Be8 67.g6 Bxg6 68.c6 Be8 69.c7 Bd7 70.Be7 Ke4
71.Ba3 Kf5 72.Kb4 Kg6 73.Kc5 Kf7 74.Kb6 Bc8 75.Kb5 Ke8 76.Kc6 Ba6 77.Kd6 Bc8
78.Bb4 Bd7 79.Kc5 Bc8 80.Kc6 Ba6 81.Ba3 Bc8 82.Bd6 Ba6 83.Bb4 Bc8 84.Kd6 Bd7
85.Ba3  1/2-1/2

[Event "Bronshoj GM 2012"]
[Site "Copenhagen DEN"]
[Date "2012.06.05"]
[Round "9.2"]
[White "Hector,J"]
[Black "Andersen,Mad"]
[Result "1-0"]
[WhiteElo "2560"]
[BlackElo "2431"]

1.e4 c5 2.Nf3 e6 3.d4 cxd4 4.Nxd4 Nc6 5.Nc3 Qc7 6.f4 a6 7.Nxc6 Qxc6 8.Bd3 b5
9.e5 Bb7 10.Be4 Qc7 11.Qf3 Bxe4 12.Nxe4 Rc8 13.Be3 Qc4 14.b3 Qc6 15.O-O Nh6
16.c4 b4 17.Rad1 Nf5 18.Bf2 h5 19.Rd3 Be7 20.Rfd1 Rc7 21.Qe2 Rh6 22.Rh3 h4
23.Rhd3 Rg6 24.c5 Kf8 25.Rc1 f6 26.Rc4 fxe5 27.fxe5 a5 28.Qh5 Rh6 29.Qd1 Rg6
30.Rd6 Qb7 31.c6 dxc6 32.Rd8+ Kf7 33.Nc5 Qb5 34.Rh8 a4 35.Qh5 Bg5 36.Nxe6 Qxe5
37.Nxg5+ Kf6 38.Rf8+ Ke7 39.Re4  1-0

[Event "1st Grand Europe Open"]
[Site "Golden Sands BUL"]
[Date "2012.06.05"]
[Round "2.43"]
[White "Hunt,A"]
[Black "Argiroudis,S"]
[Result "1/2-1/2"]
[WhiteElo "2461"]
[BlackElo "2294"]

1.e4 c5 2.Nf3 e6 3.d4 cxd4 4.Nxd4 Nc6 5.Nc3 Qc7 6.f4 a6 7.Nxc6 Qxc6 8.Bd3 b5
9.Qe2 Bb7 10.Bd2 Rc8 11.a3 Be7 12.O-O-O Nf6 13.Kb1 O-O 14.e5 Ne8 15.Rhf1 f5
16.exf6 Nxf6 17.g4 Qg2 18.Qxg2 Bxg2 19.Rf2 Bb7 20.h3 Bc5 21.Rh2 Nd5 22.Nxd5 Bxd5
23.f5 Bd6 24.Rf2 Bc5 25.Rh2 Bd6 26.Rf2 Bc5 27.Rh2 Bd6  1/2-1/2

[Event "1st Grand Europe Open"]
[Site "Golden Sands BUL"]
[Date "2012.06.06"]
[Round "3.51"]
[White "Mladenov,Sv"]
[Black "Stoichkov,Simeon"]
[Result "1-0"]
[WhiteElo "2413"]
[BlackElo "2154"]

1.e4 c5 2.Nf3 e6 3.d4 cxd4 4.Nxd4 Nc6 5.Nc3 Qc7 6.Be2 a6 7.O-O Nf6 8.Kh1 Be7
9.f4 d6 10.Be3 Bd7 11.Qe1 b5 12.a3 Na5 13.Qg3 h5 14.e5 dxe5 15.fxe5 Ng4 16.Bxg4 hxg4
17.Ne4 Nc4 18.Bf4 Qb7 19.Nd6+ Nxd6 20.exd6 Bf6 21.Rad1 O-O-O 22.Nb3 e5 23.Qc3+ Kb8
24.Bxe5 Rc8 25.Nc5 Qc6 26.b4 Bxe5 27.Qxe5 Rce8 28.Qg3 f5 29.Rfe1 g5 30.Re7 f4
31.Qc3 Rh3 32.Nxd7+ Qxd7 33.Qc7+  1-0

[Event "1st Grand Europe Open"]
[Site "Golden Sands BUL"]
[Date "2012.06.06"]
[Round "3.40"]
[White "Fier,A"]
[Black "Abdulla,K"]
[Result "1-0"]
[WhiteElo "2596"]
[BlackElo "2216"]

1.e4 c5 2.Nf3 e6 3.d4 cxd4 4.Nxd4 Nc6 5.Nc3 Qc7 6.Be2 Nf6 7.Be3 a6 8.a3 Be7
9.f4 d6 10.g4 h6 11.h4 Bd7 12.Qd3 Nxd4 13.Bxd4 Bc6 14.O-O-O d5 15.e5 Ne4
16.Nxe4 dxe4 17.Qe3 Bd5 18.Bb6 Qc6 19.Kb1 Rc8 20.c4 Bxa3 21.Qxa3 Bxc4 22.Bxc4 Qxb6
23.Rc1 Rd8 24.Rhd1  1-0